Geometría descriptiva aplicada
Uloženo v:
| Hlavní autor: | |
|---|---|
| Médium: | Kniha |
| Jazyk: | španělština |
| Vydáno: |
Ciudad de México
Alfaomega
1999
|
| Edice: | Alfaomega, 271
|
| Témata: | |
| Tagy: |
Přidat tag
Žádné tagy, Buďte první, kdo vytvoří štítek k tomuto záznamu!
|
MARC
| LEADER | 00000nam a2200000 a 4500 | ||
|---|---|---|---|
| 001 | UCN3467 | ||
| 003 | CL-VaPUC | ||
| 008 | 010629e19990000MX |||||||||||||||||spa|d | ||
| 082 | 0 | 4 | |a 604.2015166 |b BER |2 21 |
| 100 | 0 | |a Bermejo Herrero, Miguel |e author |9 459984 | |
| 245 | 1 | 0 | |a Geometría descriptiva aplicada |
| 300 | |a 274 p | ||
| 942 | |c BK | ||
| 945 | |d 20010629 00:00:00 |a vberengu | ||
| 260 | |a Ciudad de México |b Alfaomega |c 1999 | ||
| 650 | 7 | |a DIBUJO TECNICO |2 CL-VaPUC |9 459985 | |
| 650 | 7 | |a PLANOS |2 CL-VaPUC |9 260106 | |
| 650 | 7 | |a PUNTOS |2 CL-VaPUC |9 380046 | |
| 650 | 0 | |a Rectas |9 432612 | |
| 650 | 7 | |a INTERSECCIONES |2 CL-VaPUC |9 429551 | |
| 650 | 7 | |a PARALELISMO |2 CL-VaPUC |9 446920 | |
| 650 | 0 | |a Topología |9 260092 | |
| 650 | 0 | |a Poliedros |9 352653 | |
| 650 | 7 | |a PERPENDICULARIDAD |2 CL-VaPUC |9 426405 | |
| 583 | |a last modification |c 20010629 00:00:00 |k Rodrigo Vera | ||
| 490 | 0 | |a Alfaomega, 271 | |
| 999 | |c 296326 |d 296324 | ||
| 952 | |0 0 |1 0 |4 0 |6 604_201516600000000_BER_1999 |7 0 |8 A |9 350011 |a BIBING |b BIBING |d 2019-11-20 |i 3736008 |o 604.2015166 BER 1999 |p 3736008 |r 2025-01-20 |w 2019-11-20 |y BK |k CCL | ||